[Event "Titled Tuesday 2020.08.18"]
[Site "chess.com INT"]
[Date "2020.08.18"]
[Round "9"]
[White "Siddharth, Jagadeesh"]
[Black "Preotu, Razvan"]
[Result "0-1"]
[WhiteElo "2320"]
[BlackElo "2487"]
[WhiteFideId "-1"]
[WhiteFideId "-1"]
[PlyCount "74"]
[GameId "2130307594015864"]
[EventDate "2020.08.18"]
[EventType "swiss (blitz)"]
[EventRounds "10"]
[EventCountry "NET"]
[SourceTitle "The Week in Chess 1346"]
[Source "Mark Crowther"]
[SourceDate "2020.08.24"]
[SourceVersion "1"]
[SourceVersionDate "2020.08.24"]
[SourceQuality "2"]

1. Nf3 Nf6 2. c4 g6 3. b3 Bg7 4. Bb2 O-O 5. g3 c5 6. Bg2 Nc6 7. O-O d6 8. d4 cxd4 9. Nxd4 Bd7 10. Nc2 Qa5 11. Nd2 Rfc8 12. Nf3 a6 13. Ne3 b5 14. c5 Rd8 15. cxd6 Be6 16. Qe1 Qxe1 17. Nxe1 Rxd6 18. Nd3 Nd5 19. Nxd5 Bxd5 20. Bxg7 Kxg7 21. Bxd5 Rxd5 22. Rac1 Nd4 23. Nf4 Rd6 24. e3 e5 25. exd4 exf4 26. Rc7 Re8 27. gxf4 Re2 28. Ra7 Rxa2 29. Re1 Rxd4 30. Ree7 Rxf4 31. Reb7 Rfxf2 32. h4 h6 33. Rxa6 Rg2+ 34. Kh1 Rh2+ 35. Kg1 Rag2+ 36. Kf1 Rb2 37. Re6 Rh1# 0-1

[Event "Titled Tuesday 2020.08.18"]
[Site "chess.com INT"]
[Date "2020.08.18"]
[Round "10"]
[White "Preotu, Razvan"]
[Black "Al Tarbosh, Ward"]
[Result "1-0"]
[WhiteElo "2487"]
[BlackElo "2230"]
[WhiteFideId "-1"]
[WhiteFideId "-1"]
[PlyCount "157"]
[GameId "2130307594020018"]
[EventDate "2020.08.18"]
[EventType "swiss (blitz)"]
[EventRounds "10"]
[EventCountry "NET"]
[SourceTitle "The Week in Chess 1346"]
[Source "Mark Crowther"]
[SourceDate "2020.08.24"]
[SourceVersion "1"]
[SourceVersionDate "2020.08.24"]
[SourceQuality "2"]

1. e4 b6 2. d4 Bb7 3. Bd3 e6 4. Nf3 c5 5. c3 Nf6 6. Qe2 Be7 7. O-O Nc6 8. e5 Nd5 9. dxc5 bxc5 10. a3 f5 11. c4 Nb6 12. Nc3 O-O 13. Bd2 a6 14. Rad1 Nd4 15. Nxd4 cxd4 16. Na2 Qc7 17. b4 Qc6 18. f3 Rac8 19. c5 Nd5 20. Qf2 Ne3 21. Bxe3 dxe3 22. Qxe3 Kh8 23. Nc3 Rcd8 24. Bc2 g5 25. Rd2 Qc7 26. Rfd1 Rg8 27. Ba4 Bc6 28. Bxc6 Qxc6 29. Rd3 g4 30. f4 h5 31. Qd2 h4 32. Qf2 h3 33. Rd6 Bxd6 34. Qh4+ Kg7 35. Qf6+ Kh7 36. Qh4+ Kg7 37. Qf6+ Kh7 38. Qh4+ Kg6 39. Qf6+ Kh5 40. Qf7+ Kh6 41. Qf6+ Rg6 42. Qh4+ Kg7 43. Rd2 Rh8 44. Qe1 Be7 45. g3 Kh6 46. Qe3 Rb8 47. Qd4 Rb7 48. Qc4 Rg8 49. Qd4 Rc8 50. Qc4 a5 51. Kf1 axb4 52. axb4 Ra7 53. Ke2 Qg2+ 54. Kd3 Qf3+ 55. Kc2 Qc6 56. Nb5 Rb7 57. Nd4 Qe4+ 58. Kc3 Rcb8 59. Nc2 Qxc4+ 60. Kxc4 Kg6 61. Rd3 Kf7 62. Ra3 Bd8 63. Ra4 Ke7 64. Nd4 Bc7 65. b5 Bd8 66. c6 Rc7 67. Ra6 Kf7 68. b6 Rxc6+ 69. Nxc6 dxc6 70. Kc5 Ke7 71. Kxc6 Rc8+ 72. Kb5 Rc1 73. Ra7+ Ke8 74. b7 Rb1+ 75. Kc6 Rc1+ 76. Kd6 Rb1 77. Kxe6 Bc7 78. Ra8+ Bd8 79. b8=Q 1-0

[Event "Leon Blitz op"]
[Site "chess.com INT"]
[Date "2020.07.14"]
[Round "1"]
[White "Walentukiewicz, Michal"]
[Black "Preotu, Razvan"]
[Result "0-1"]
[WhiteElo "2052"]
[BlackElo "2487"]
[WhiteFideId "-1"]
[WhiteFideId "-1"]
[PlyCount "84"]
[GameId "2130307594884261"]
[EventDate "2020.07.14"]
[EventType "swiss (blitz)"]
[EventRounds "10"]
[EventCountry "NET"]
[SourceTitle "10 Days #621"]
[Source "ChessMix"]
[SourceDate "2020.07.20"]
[SourceVersion "1"]
[SourceVersionDate "2020.07.20"]
[SourceQuality "1"]

1. g3 e5 2. Bg2 d5 3. c4 d4 4. d3 Nc6 5. Nf3 Nf6 6. O-O Be7 7. e3 O-O 8. exd4 exd4 9. Na3 Nd7 10. Nc2 Nc5 11. b4 Na4 12. Bd2 Bf5 13. b5 Nb2 14. Qb1 Nxd3 15. bxc6 Nc5 16. Nfxd4 Be4 17. cxb7 Rb8 18. Bxe4 Nxe4 19. Be3 Qd7 20. Qb5 Qxb5 21. cxb5 Rxb7 22. a4 Re8 23. Nc6 Bc5 24. Bxc5 Nxc5 25. Rfe1 Ra8 26. Re7 g6 27. N2b4 a6 28. Nxa6 Nxa6 29. bxa6 Rxa6 30. a5 Rxc6 31. Rd1 Rb2 32. Rdd7 Rf6 33. a6 Ra2 34. Rxc7 Rfxf2 35. a7 Rg2+ 36. Kf1 Rxh2 37. Re8+ Kg7 38. Kg1 Rhd2 39. Re1 h5 40. Rf1 Rg2+ 41. Kh1 Rh2+ 42. Kg1 Rag2# 0-1

[Event "Leon Blitz op"]
[Site "chess.com INT"]
[Date "2020.07.14"]
[Round "2"]
[White "Svane, Rasmus"]
[Black "Preotu, Razvan"]
[Result "0-1"]
[WhiteElo "2613"]
[BlackElo "2487"]
[WhiteFideId "-1"]
[WhiteFideId "-1"]
[PlyCount "70"]
[GameId "2130307594888474"]
[EventDate "2020.07.14"]
[EventType "swiss (blitz)"]
[EventRounds "10"]
[EventCountry "NET"]
[SourceTitle "10 Days #621"]
[Source "ChessMix"]
[SourceDate "2020.07.20"]
[SourceVersion "1"]
[SourceVersionDate "2020.07.20"]
[SourceQuality "1"]

1. Nf3 Nf6 2. g3 d5 3. Bg2 g6 4. O-O Bg7 5. d4 O-O 6. c4 dxc4 7. Na3 c3 8. bxc3 c5 9. Bb2 Nc6 10. Re1 Qb6 11. Nc4 Qa6 12. Ncd2 Bd7 13. Nb3 cxd4 14. cxd4 b6 15. Ne5 Rac8 16. e3 Na5 17. Nxd7 Nxd7 18. Bf1 Nc4 19. Nd2 b5 20. Nxc4 bxc4 21. Bc3 Qa3 22. Qc1 Qd6 23. f4 Nb6 24. Rb1 Nd5 25. Ba5 c3 26. a3 Nxe3 27. Rxe3 Bxd4 28. Bb4 Qe6 29. Kf2 c2 30. Rbb3 Qxb3 31. Bd2 Rfd8 32. Ba6 Bxe3+ 33. Bxe3 Rd1 34. Bxc8 Rxc1 35. Bxc1 Qb1 0-1

[Event "Leon Blitz op"]
[Site "chess.com INT"]
[Date "2020.07.14"]
[Round "3"]
[White "Preotu, Razvan"]
[Black "Nguyen, Ngoc Truong Son"]
[Result "1/2-1/2"]
[WhiteElo "2487"]
[BlackElo "2641"]
[WhiteFideId "-1"]
[WhiteFideId "-1"]
[PlyCount "101"]
[GameId "2130307594892669"]
[EventDate "2020.07.14"]
[EventType "swiss (blitz)"]
[EventRounds "10"]
[EventCountry "NET"]
[SourceTitle "10 Days #621"]
[Source "ChessMix"]
[SourceDate "2020.07.20"]
[SourceVersion "1"]
[SourceVersionDate "2020.07.20"]
[SourceQuality "1"]

1. e4 c5 2. Nf3 Nc6 3. d4 cxd4 4. Nxd4 Nf6 5. Nc3 d6 6. Bg5 e6 7. Qd2 a6 8. O-O-O h6 9. Be3 Ng4 10. Nxc6 bxc6 11. Bc5 d5 12. Bxf8 Kxf8 13. h3 Nf6 14. Qe3 Qe7 15. Be2 g6 16. f4 Kg7 17. g4 Rb8 18. a3 Qc7 19. Rhf1 Qb6 20. Qxb6 Rxb6 21. e5 Nd7 22. b4 c5 23. Na4 Rc6 24. Nxc5 Nxc5 25. bxc5 Rxc5 26. Rf3 a5 27. Rd4 Bd7 28. Rb3 Rhc8 29. Bd3 f6 30. Rb6 R8c6 31. Rb7 Rc7 32. Rb6 g5 33. exf6+ Kxf6 34. Kd2 R7c6 35. Rb7 Rc7 36. Rb6 Bc6 37. c4 gxf4 38. cxd5 Bxd5 39. Rxf4+ Kg5 40. Rf8 Rc8 41. Rf7 R5c7 42. Rxc7 Rxc7 43. Rb5 Kh4 44. Rxa5 Kxh3 45. Be2 Bc4 46. Bxc4 Rxc4 47. Rh5+ Kxg4 48. Rxh6 Ra4 49. Rxe6 Rxa3 50. Re3 Rxe3 51. Kxe3 1/2-1/2

[Event "Leon Blitz op"]
[Site "chess.com INT"]
[Date "2020.07.14"]
[Round "4"]
[White "Harsha, Bharathakoti"]
[Black "Preotu, Razvan"]
[Result "1-0"]
[WhiteElo "2509"]
[BlackElo "2487"]
[WhiteFideId "-1"]
[WhiteFideId "-1"]
[PlyCount "195"]
[GameId "2130307594896833"]
[EventDate "2020.07.14"]
[EventType "swiss (blitz)"]
[EventRounds "10"]
[EventCountry "NET"]
[SourceTitle "10 Days #621"]
[Source "ChessMix"]
[SourceDate "2020.07.20"]
[SourceVersion "1"]
[SourceVersionDate "2020.07.20"]
[SourceQuality "1"]

1. d4 Nf6 2. c4 g6 3. Nc3 d5 4. Nf3 Bg7 5. Bf4 O-O 6. Rc1 Be6 7. e3 dxc4 8. Ng5 Bd5 9. e4 h6 10. exd5 hxg5 11. Bxg5 Nxd5 12. Bxc4 Nb6 13. Bb3 Nc6 14. d5 Nd4 15. O-O Qd7 16. Re1 Rfe8 17. h4 Rad8 18. h5 Nxb3 19. axb3 gxh5 20. Qxh5 Nxd5 21. Nxd5 Qxd5 22. Qg4 c6 23. Rc4 Qd3 24. Rce4 Rd6 25. Rxe7 Rxe7 26. Rxe7 Qd1+ 27. Qxd1 Rxd1+ 28. Kh2 Bxb2 29. Rxb7 Rd5 30. Be3 Bd4 31. Bxd4 Rxd4 32. Rxa7 Rb4 33. Rc7 Rxb3 34. Rxc6 Kg7 35. f3 Ra3 36. Kg3 Ra4 37. Rd6 Rb4 38. Rd5 Ra4 39. Re5 Rb4 40. Re4 Rb5 41. Kf4 Kf6 42. g4 Rb3 43. Rc4 Ra3 44. Rc6+ Kg7 45. Ke4 Ra4+ 46. Kf5 Ra5+ 47. Kf4 Ra4+ 48. Kg3 Ra3 49. Rd6 Rb3 50. Kf4 Rb4+ 51. Kf5 Rb5+ 52. Ke4 Rb4+ 53. Rd4 Rb3 54. f4 Rb1 55. Rd5 Ra1 56. Kf5 Rb1 57. g5 Ra1 58. Ke5 Re1+ 59. Kd6 Re4 60. Rf5 Rd4+ 61. Ke5 Ra4 62. Rf6 Ra5+ 63. Ke4 Ra3 64. Rd6 Rb3 65. f5 Rb4+ 66. Rd4 Rb1 67. Ke5 Rg1 68. Kf4 Rf1+ 69. Kg4 Rg1+ 70. Kh5 Rh1+ 71. Rh4 Rg1 72. f6+ Kh7 73. Rh3 Rg2 74. Rh1 Rg3 75. Kh4 Rg2 76. Kh5 Rg3 77. Rd1 Rh3+ 78. Kg4 Rh2 79. Rd8 Rh1 80. Rf8 Rg1+ 81. Kf4 Rf1+ 82. Ke5 Re1+ 83. Kd6 Kg6 84. Rg8+ Kf5 85. Rg7 Re2 86. Kd7 Re1 87. Rg8 Re2 88. Re8 Ra2 89. Ke7 Ra7+ 90. Kf8 Kg6 91. Rb8 Rc7 92. Rd8 Kxg5 93. Kg7 Ra7 94. Re8 Kf5 95. Re7 Ra8 96. Rxf7 Ke6 97. Re7+ Kd6 98. Re1 1-0

[Event "Leon Blitz op"]
[Site "chess.com INT"]
[Date "2020.07.14"]
[Round "5"]
[White "Preotu, Razvan"]
[Black "Piorun, Kacper"]
[Result "1-0"]
[WhiteElo "2487"]
[BlackElo "2601"]
[WhiteFideId "-1"]
[WhiteFideId "-1"]
[PlyCount "79"]
[GameId "2130307594901087"]
[EventDate "2020.07.14"]
[EventType "swiss (blitz)"]
[EventRounds "10"]
[EventCountry "NET"]
[SourceTitle "10 Days #621"]
[Source "ChessMix"]
[SourceDate "2020.07.20"]
[SourceVersion "1"]
[SourceVersionDate "2020.07.20"]
[SourceQuality "1"]

1. e4 g6 2. d4 Bg7 3. Nc3 c5 4. Be3 Qb6 5. Nd5 Qa5+ 6. Bd2 Qd8 7. Bf4 d6 8. dxc5 Nf6 9. Nxf6+ Bxf6 10. c3 dxc5 11. Qxd8+ Kxd8 12. O-O-O+ Ke8 13. Nf3 Nc6 14. Bb5 Bd7 15. Rd5 a6 16. Rhd1 Be6 17. Bxc6+ bxc6 18. Rxc5 Bxa2 19. Rxc6 Bb3 20. Rd2 a5 21. Nd4 Ba4 22. Rb6 h6 23. e5 Bg7 24. Rb7 g5 25. Bg3 h5 26. Nf5 Kf8 27. h4 gxh4 28. Nxh4 Bc6 29. Rc7 Be4 30. f3 Bh7 31. Bf4 a4 32. Rdd7 Re8 33. Ra7 f6 34. e6 f5 35. Bg5 Be5 36. Bxe7+ Kg7 37. Bg5+ Kg8 38. f4 a3 39. fxe5 axb2+ 40. Kxb2 1-0

[Event "Leon Blitz op"]
[Site "chess.com INT"]
[Date "2020.07.14"]
[Round "6"]
[White "Demchenko, Anton"]
[Black "Preotu, Razvan"]
[Result "1-0"]
[WhiteElo "2641"]
[BlackElo "2487"]
[WhiteFideId "-1"]
[WhiteFideId "-1"]
[PlyCount "113"]
[GameId "2130307594905231"]
[EventDate "2020.07.14"]
[EventType "swiss (blitz)"]
[EventRounds "10"]
[EventCountry "NET"]
[SourceTitle "10 Days #621"]
[Source "ChessMix"]
[SourceDate "2020.07.20"]
[SourceVersion "1"]
[SourceVersionDate "2020.07.20"]
[SourceQuality "1"]

1. d4 Nf6 2. Nf3 g6 3. Bf4 Bg7 4. c3 O-O 5. Nbd2 d5 6. e3 b6 7. h3 Bb7 8. Be2 c5 9. O-O Nc6 10. Qb3 Qc8 11. Rfd1 Ba6 12. Bxa6 Qxa6 13. a4 c4 14. Qc2 Qc8 15. Ne5 Na5 16. Bh2 Qf5 17. Qxf5 gxf5 18. f3 Rfd8 19. g4 e6 20. gxf5 exf5 21. Kf2 Ne8 22. f4 Bf6 23. Rg1+ Kf8 24. Ndf3 h6 25. Bg3 Nd6 26. Bh4 Bxh4+ 27. Nxh4 f6 28. Nef3 Kf7 29. Rg6 Rh8 30. Ne5+ Ke6 31. Rag1 Ne4+ 32. Ke2 Rab8 33. Rg7 Rb7 34. Rxb7 Nxb7 35. Nc6 Rc8 36. Rg7 Rxc6 37. Rxb7 a6 38. Ng6 Kd6 39. Ne7 Rc7 40. Nxf5+ Kc6 41. Rxc7+ Kxc7 42. Nxh6 a5 43. Ng4 Kd6 44. Nf2 Ng3+ 45. Kf3 Nf1 46. h4 f5 47. h5 Ke6 48. Nh3 Kf6 49. Ng5 Nd2+ 50. Ke2 Nb3 51. h6 Kg6 52. h7 Kg7 53. Ne6+ Kxh7 54. Nc7 Nc1+ 55. Kd2 Nd3 56. Nxd5 Nxb2 57. Nxb6 1-0

[Event "Leon Blitz op"]
[Site "chess.com INT"]
[Date "2020.07.14"]
[Round "7"]
[White "Preotu, Razvan"]
[Black "Seul, Georg"]
[Result "1/2-1/2"]
[WhiteElo "2487"]
[BlackElo "2372"]
[WhiteFideId "-1"]
[WhiteFideId "-1"]
[PlyCount "135"]
[GameId "2130307594909476"]
[EventDate "2020.07.14"]
[EventType "swiss (blitz)"]
[EventRounds "10"]
[EventCountry "NET"]
[SourceTitle "10 Days #621"]
[Source "ChessMix"]
[SourceDate "2020.07.20"]
[SourceVersion "1"]
[SourceVersionDate "2020.07.20"]
[SourceQuality "1"]

1. e4 e5 2. Nf3 Nc6 3. Bb5 a6 4. Ba4 Nf6 5. O-O Be7 6. Re1 b5 7. Bb3 d6 8. c3 O-O 9. h3 Na5 10. Bc2 c5 11. d4 Qc7 12. d5 Bd7 13. b3 g6 14. Bh6 Rfb8 15. Nbd2 Nh5 16. Nf1 Nb7 17. Ng3 Ng7 18. Nh2 Nd8 19. f4 exf4 20. Bxf4 f6 21. Ng4 Nf7 22. Nh6+ Nxh6 23. Bxh6 a5 24. a4 bxa4 25. bxa4 Rb2 26. Nf1 c4 27. Ne3 Rab8 28. Qd4 Bd8 29. Rac1 Qb6 30. Nxc4 Qxd4+ 31. cxd4 R2b4 32. Nxd6 Bb6 33. Be3 Bxd4 34. Bxd4 Rxd4 35. Bd1 Bxa4 36. Bxa4 Rxa4 37. Rc7 Ne8 38. Nxe8 Rxe8 39. Rb1 Raxe4 40. Rbb7 Rd4 41. Rg7+ Kh8 42. Rxh7+ Kg8 43. Rbg7+ Kf8 44. Rxg6 Rxd5 45. Rh8+ Kf7 46. Rxf6+ Kxf6 47. Rxe8 Rd2 48. Ra8 Ra2 49. Kh2 a4 50. h4 Kf5 51. Kg3 Ra3+ 52. Kh2 Kg4 53. Rh8 Ra2 54. h5 Kg5 55. Kh3 Ra3+ 56. g3 Rb3 57. h6 Kg6 58. Kh4 a3 59. g4 a2 60. Ra8 Kxh6 61. Ra6+ Kg7 62. Rxa2 Rb1 63. Kg5 Rb5+ 64. Kh4 Rc5 65. Ra6 Rb5 66. g5 Rb1 67. Re6 Rh1+ 68. Kg4 1/2-1/2

[Event "Leon Blitz op"]
[Site "chess.com INT"]
[Date "2020.07.14"]
[Round "8"]
[White "Preotu, Razvan"]
[Black "Budrewicz, Krzysztof"]
[Result "1-0"]
[WhiteElo "2487"]
[BlackElo "2227"]
[WhiteFideId "-1"]
[WhiteFideId "-1"]
[PlyCount "57"]
[GameId "2130307594913654"]
[EventDate "2020.07.14"]
[EventType "swiss (blitz)"]
[EventRounds "10"]
[EventCountry "NET"]
[SourceTitle "10 Days #621"]
[Source "ChessMix"]
[SourceDate "2020.07.20"]
[SourceVersion "1"]
[SourceVersionDate "2020.07.20"]
[SourceQuality "1"]

1. e4 c5 2. Nf3 e6 3. d4 cxd4 4. Nxd4 Nc6 5. Nc3 a6 6. Nxc6 bxc6 7. Bd3 d5 8. O-O Nf6 9. Re1 Be7 10. e5 Nd7 11. Qg4 g5 12. Qh5 h6 13. f4 Nc5 14. fxg5 Nxd3 15. cxd3 Bxg5 16. Rf1 Ra7 17. h4 Bxc1 18. Raxc1 Qb6+ 19. Rf2 Qe3 20. Rd1 a5 21. Ne2 Rg8 22. Nf4 Re7 23. d4 Qg3 24. Rd3 Qg4 25. Qxg4 Rxg4 26. g3 Rb7 27. Nh5 Ke7 28. Rdf3 Rg7 29. Nxg7 1-0

[Event "Leon Blitz op"]
[Site "chess.com INT"]
[Date "2020.07.14"]
[Round "9"]
[White "Manolache, Marius"]
[Black "Preotu, Razvan"]
[Result "1-0"]
[WhiteElo "2541"]
[BlackElo "2487"]
[WhiteFideId "-1"]
[WhiteFideId "-1"]
[PlyCount "128"]
[GameId "2130307594913724"]
[EventDate "2020.07.14"]
[EventType "swiss (blitz)"]
[EventRounds "10"]
[EventCountry "NET"]
[SourceTitle "10 Days #621"]
[Source "ChessMix"]
[SourceDate "2020.07.20"]
[SourceVersion "1"]
[SourceVersionDate "2020.07.20"]
[SourceQuality "1"]

1. d4 Nf6 2. c4 g6 3. Nc3 d5 4. cxd5 Nxd5 5. Bd2 Bg7 6. Nf3 O-O 7. Rc1 Nxc3 8. Bxc3 b6 9. e3 Bb7 10. Be2 Nd7 11. O-O c5 12. dxc5 Nxc5 13. Bxg7 Kxg7 14. b4 Ne4 15. Bd3 Nd6 16. Qe2 Rc8 17. Qb2+ Kg8 18. Ne5 f6 19. Nc4 Nf7 20. Be2 Qd7 21. Rfd1 Qe6 22. Rd4 b5 23. Na5 Rxc1+ 24. Qxc1 Rc8 25. Qd2 Ba8 26. Bxb5 Nd6 27. Bf1 Qf5 28. Nc4 Nxc4 29. Rxc4 Rxc4 30. Bxc4+ Kg7 31. Bf1 Qe4 32. a4 h5 33. Qc3 h4 34. h3 g5 35. Qd4 Qxd4 36. exd4 Kf7 37. Bc4+ Ke8 38. f3 Kd7 39. Kf2 Kd6 40. Ke3 f5 41. Bd3 e6 42. Bc4 g4 43. hxg4 fxg4 44. fxg4 Bxg2 45. Kf4 Bc6 46. b5 Be8 47. a5 Bg6 48. g5 h3 49. Kg3 Bf5 50. Be2 Kc7 51. Bf3 Bd3 52. Bc6 a6 53. Kxh3 axb5 54. Bf3 b4 55. Bd1 Kb7 56. Kg3 Ka6 57. Kf4 Kxa5 58. Ke5 Bf5 59. d5 Kb5 60. dxe6 Bg6 61. Kd6 Kc4 62. Ke7 Kc3 63. Kf6 Be8 64. g6 Bxg6 1-0

[Event "Titled Tuesday 2020.07.07"]
[Site "chess.com INT"]
[Date "2020.07.07"]
[Round "6"]
[White "Jenni, Florian"]
[Black "Preotu, Razvan"]
[Result "1/2-1/2"]
[WhiteElo "2456"]
[BlackElo "2487"]
[WhiteFideId "-1"]
[WhiteFideId "-1"]
[PlyCount "71"]
[GameId "2130307595118679"]
[EventDate "2020.07.07"]
[EventType "swiss"]
[EventRounds "10"]
[EventCountry "NET"]
[SourceTitle "10 Days #621"]
[Source "ChessMix"]
[SourceDate "2020.07.20"]
[SourceVersion "1"]
[SourceVersionDate "2020.07.20"]
[SourceQuality "1"]

1. e4 c5 2. Nf3 d6 3. Bb5+ Nd7 4. c4 Ngf6 5. Nc3 g6 6. d4 cxd4 7. Nxd4 Bg7 8. f3 O-O 9. Bxd7 Bxd7 10. Be3 Rc8 11. Qd3 a6 12. O-O Qc7 13. Nd5 Nxd5 14. cxd5 Qc4 15. Qd2 Bb5 16. Rfc1 Qd3 17. Nxb5 Qxd2 18. Bxd2 axb5 19. Rxc8 Rxc8 20. Rc1 Rxc1+ 21. Bxc1 f5 22. Kf2 fxe4 23. fxe4 Kf7 24. b3 Be5 25. h3 e6 26. Kf3 h5 27. g4 Kf6 28. Bd2 exd5 29. exd5 hxg4+ 30. hxg4 Bd4 31. Ke4 Be5 32. g5+ Ke7 33. Kd3 Kd7 34. Bc3 Bxc3 35. Kxc3 Kc7 36. b4 1/2-1/2

[Event "PNWCC Masters 2020.07"]
[Site "chess.com INT"]
[Date "2020.07.04"]
[Round "1.38"]
[White "Preotu, Razvan"]
[Black "Feng, Eric"]
[Result "1-0"]
[WhiteElo "2487"]
[BlackElo "1898"]
[WhiteFideId "-1"]
[WhiteFideId "-1"]
[PlyCount "161"]
[GameId "2130307595310868"]
[EventDate "2020.07.04"]
[EventType "swiss"]
[EventRounds "9"]
[EventCountry "NET"]
[SourceTitle "10 Days #620"]
[Source "ChessMix"]
[SourceDate "2020.07.10"]
[SourceVersion "1"]
[SourceVersionDate "2020.07.10"]
[SourceQuality "1"]

1. e4 c6 2. Nc3 d5 3. Nf3 Bg4 4. h3 Bxf3 5. Qxf3 e6 6. Be2 Bd6 7. d4 Ne7 8. O-O O-O 9. Bd3 f6 10. Qe2 Qc7 11. Nb1 Nd7 12. c4 Rae8 13. exd5 exd5 14. c5 Bxc5 15. dxc5 Nxc5 16. Qc2 Nxd3 17. Qxd3 Nc8 18. Be3 Re6 19. Nd2 Rfe8 20. Rac1 Qa5 21. Nb3 Qb4 22. Nc5 R6e7 23. Bd4 Nd6 24. Nb3 Qb5 25. Qxb5 Nxb5 26. Be3 a6 27. a4 Nc7 28. Na5 Ne6 29. b4 Kf7 30. Rfd1 Rd8 31. Nb3 Rc8 32. Bb6 Nf4 33. Kf1 Rce8 34. Be3 Ne6 35. b5 axb5 36. axb5 Rc7 37. Bb6 Rcc8 38. Nc5 Nxc5 39. Bxc5 Re5 40. b6 Rce8 41. Ra1 Rd8 42. Ra7 Rd7 43. Re1 Rxe1+ 44. Kxe1 Ke6 45. Kd2 Ke5 46. Kd3 h5 47. Bd4+ Kf5 48. Bc5 Ke5 49. Ra8 g5 50. Re8+ Kf5 51. Kd4 h4 52. Be7 Ke6 53. Bc5+ Kf7 54. Rc8 Ke6 55. g4 Rf7 56. Re8+ Kd7 57. Rf8 Rxf8 58. Bxf8 Ke6 59. Bb4 f5 60. f3 f4 61. Kc5 Ke5 62. Bc3+ Ke6 63. Bd4 Ke7 64. Be5 Ke6 65. Bc7 Ke7 66. Kd4 Ke6 67. Bd8 Kd6 68. Bxg5 c5+ 69. Kd3 Kc6 70. Bxf4 Kxb6 71. g5 c4+ 72. Kd4 Kb5 73. g6 Kb4 74. g7 c3 75. g8=Q c2 76. Qxd5 b5 77. Bd2+ Ka3 78. Kc3 b4+ 79. Kxc2 Ka4 80. Kb2 b3 81. Qa5# 1-0

[Event "PNWCC Masters 2020.07"]
[Site "chess.com INT"]
[Date "2020.07.04"]
[Round "2.7"]
[White "Sevian, Samuel"]
[Black "Preotu, Razvan"]
[Result "1-0"]
[WhiteElo "2660"]
[BlackElo "2487"]
[WhiteFideId "-1"]
[WhiteFideId "-1"]
[PlyCount "69"]
[GameId "2130307595310894"]
[EventDate "2020.07.04"]
[EventType "swiss"]
[EventRounds "9"]
[EventCountry "NET"]
[SourceTitle "10 Days #620"]
[Source "ChessMix"]
[SourceDate "2020.07.10"]
[SourceVersion "1"]
[SourceVersionDate "2020.07.10"]
[SourceQuality "1"]

1. e4 c5 2. Nf3 d6 3. d4 cxd4 4. Nxd4 Nf6 5. Nc3 a6 6. Be3 e5 7. Nb3 Be6 8. f3 h5 9. Nd5 Bxd5 10. exd5 Nbd7 11. Qd2 g6 12. O-O-O Rc8 13. Kb1 Nb6 14. Qa5 Nfd7 15. Qb4 Qc7 16. c3 Bh6 17. Bf2 Kf8 18. h4 Kg7 19. g4 hxg4 20. fxg4 Bf4 21. g5 Rh7 22. Rg1 Re8 23. Qe4 Rc8 24. Be2 Nf8 25. Qb4 Nbd7 26. Rg2 Ra8 27. Qe4 b6 28. h5 gxh5 29. Nd4 Nc5 30. Nf5+ Kh8 31. Qc2 Ng6 32. Rh1 h4 33. Nxh4 Nxh4 34. Bxh4 Qe7 35. Qxh7+ 1-0

[Event "PNWCC Masters 2020.07"]
[Site "chess.com INT"]
[Date "2020.07.04"]
[Round "3.22"]
[White "Preotu, Razvan"]
[Black "Markzon, Gregory"]
[Result "1/2-1/2"]
[WhiteElo "2487"]
[BlackElo "2069"]
[WhiteFideId "-1"]
[WhiteFideId "-1"]
[PlyCount "84"]
[GameId "2130307595315055"]
[EventDate "2020.07.04"]
[EventType "swiss"]
[EventRounds "9"]
[EventCountry "NET"]
[SourceTitle "10 Days #620"]
[Source "ChessMix"]
[SourceDate "2020.07.10"]
[SourceVersion "1"]
[SourceVersionDate "2020.07.10"]
[SourceQuality "1"]

1. e4 Nf6 2. e5 Nd5 3. d4 d6 4. Nf3 Bg4 5. Be2 e6 6. c4 Nb6 7. Be3 Nc6 8. exd6 cxd6 9. d5 exd5 10. cxd5 Bxf3 11. Bxf3 Ne5 12. Be2 Be7 13. Qb3 O-O 14. O-O Rc8 15. Nd2 Ned7 16. Ne4 f5 17. Nc3 Nc5 18. Bxc5 Rxc5 19. Nb5 Bf6 20. Nxa7 Re8 21. Rfe1 g6 22. Bf1 Re5 23. a4 Nc8 24. Nb5 b6 25. Rxe5 Bxe5 26. Na3 Qh4 27. g3 Qd4 28. Nc4 Qxd5 29. Rd1 Qf7 30. Qb4 Qc7 31. Qd2 Kg7 32. Qd3 f4 33. b4 Rc6 34. Qe4 fxg3 35. hxg3 Ne7 36. Kg2 Bf6 37. Ne3 Rc3 38. a5 bxa5 39. bxa5 Qxa5 40. Rxd6 Qe5 41. Qxe5 Bxe5 42. Rd7 Rc7 1/2-1/2

[Event "PNWCC Masters 2020.07"]
[Site "chess.com INT"]
[Date "2020.07.05"]
[Round "4.25"]
[White "Salik, Serkan"]
[Black "Preotu, Razvan"]
[Result "1-0"]
[WhiteElo "1986"]
[BlackElo "2487"]
[WhiteFideId "-1"]
[WhiteFideId "-1"]
[PlyCount "137"]
[GameId "2130307595315101"]
[EventDate "2020.07.04"]
[EventType "swiss"]
[EventRounds "9"]
[EventCountry "NET"]
[SourceTitle "10 Days #620"]
[Source "ChessMix"]
[SourceDate "2020.07.10"]
[SourceVersion "1"]
[SourceVersionDate "2020.07.10"]
[SourceQuality "1"]

1. d4 Nf6 2. c4 g6 3. Nc3 d5 4. Nf3 Bg7 5. h4 dxc4 6. e4 c5 7. d5 b5 8. h5 O-O 9. hxg6 fxg6 10. e5 Ng4 11. d6 e6 12. Rxh7 Rf5 13. Rh3 Bb7 14. Nxb5 Qa5+ 15. Nc3 Bxf3 16. gxf3 Nxe5 17. f4 Nd3+ 18. Rxd3 cxd3 19. Bg2 Rd5 20. Qb3 Bxc3+ 21. bxc3 c4 22. Qxc4 Nd7 23. Bxd5 Qxd5 24. Qxd5 exd5 25. Kd2 Re8 26. Kxd3 Re1 27. Bb2 Re4 28. Ba3 Ra4 29. Bb2 Rxf4 30. Re1 Nc5+ 31. Ke3 Ra4 32. Rd1 Rxa2 33. Rxd5 Nd7 34. Bc1 Kf7 35. Bd2 Ke6 36. Rg5 Kf6 37. f4 Ra6 38. c4 Rxd6 39. Bc3+ Kf7 40. c5 Rc6 41. Kd4 Rf6 42. Ke4 Rc6 43. Bd4 Rc8 44. Kd5 Nb8 45. Be5 Na6 46. Bd6 Nb4+ 47. Kc4 Nc6 48. Kb5 Nd4+ 49. Ka6 Nf5 50. Kb7 Nxd6+ 51. cxd6 Rc4 52. Re5 Rxf4 53. d7 Rd4 54. Kc7 Rc4+ 55. Kb7 Rd4 56. Kc6 Rc4+ 57. Kd5 Rc1 58. Re8 Rd1+ 59. Kc6 g5 60. d8=Q Rxd8 61. Rxd8 Ke6 62. Re8+ Kf5 63. Kd5 Kf4 64. Kd4 g4 65. Rf8+ Kg3 66. Ke3 a5 67. Ra8 Kh2 68. Rxa5 g3 69. Kf3 1-0

[Event "PNWCC Masters 2020.07"]
[Site "chess.com INT"]
[Date "2020.07.05"]
[Round "6.23"]
[White "Luo, Terry"]
[Black "Preotu, Razvan"]
[Result "1-0"]
[WhiteElo "2124"]
[BlackElo "2487"]
[WhiteFideId "-1"]
[WhiteFideId "-1"]
[PlyCount "69"]
[GameId "2130307595319293"]
[EventDate "2020.07.04"]
[EventType "swiss"]
[EventRounds "9"]
[EventCountry "NET"]
[SourceTitle "10 Days #620"]
[Source "ChessMix"]
[SourceDate "2020.07.10"]
[SourceVersion "1"]
[SourceVersionDate "2020.07.10"]
[SourceQuality "1"]

1. d4 Nf6 2. c4 g6 3. Nc3 d5 4. cxd5 Nxd5 5. e4 Nxc3 6. bxc3 Bg7 7. Nf3 c5 8. Rb1 O-O 9. Be2 Nc6 10. d5 Ne5 11. Nxe5 Bxe5 12. Qd2 e6 13. f4 Bc7 14. O-O exd5 15. exd5 Ba5 16. d6 Rb8 17. Rb5 b6 18. Rxa5 bxa5 19. Ba3 Re8 20. Bxc5 Bd7 21. Bf3 Qf6 22. Qd4 Qf5 23. h3 h5 24. Bxa7 Rb2 25. Qd5 Qxd5 26. Bxd5 Rd2 27. c4 Be6 28. Re1 Bd7 29. Rb1 Be6 30. Bxe6 Rxe6 31. c5 Kg7 32. Rc1 Kf6 33. Bb6 a4 34. Ba5 Rd5 35. Bb4 1-0